| 000 | 01659nam a2200421Ii 4500 | ||
|---|---|---|---|
| 001 | DIGEDUNAV0021 | ||
| 003 | NyNyDIG | ||
| 006 | m o d | ||
| 007 | cr ||||||||||| | ||
| 008 | 220606s2017 sp ob 000 0 spa d | ||
| 035 | _a(OCoLC)1333701604 | ||
| 040 |
_aDGITA _beng _erda _epn _cDGITA |
||
| 020 | _z9788431324858 | ||
| 050 | 1 | 4 | _aPN1997.85 ebook |
| 082 | 0 | 4 | _a791 |
| 100 | 1 |
_aFrago Pérez, Marta, _eauthor. |
|
| 245 | 1 | 0 |
_aLeer, dialogar, escribir cine : _bRuth Prawer Jhabvala y la adaptación cinematográfica / _cMarta Frago. |
| 264 | 1 |
_aPamplona, España : _bEUNSA, Ediciones Universidad de Navarra, _c[2017] |
|
| 300 | _a1 online resource. | ||
| 336 |
_atext _btxt _2rdacontent |
||
| 337 |
_acomputer _bc _2rdamedia |
||
| 338 |
_aonline resource _bcr _2rdacarrier |
||
| 347 |
_atext file _2rdaft |
||
| 347 | _bPDF | ||
| 490 | 1 | _aColección Comunicación | |
| 504 | _aIncludes bibliographical references. | ||
| 588 | 0 | _aOnline resource; title from PDF title page (Digitalia, viewed June 6, 2022) | |
| 600 | 1 | 0 |
_aJhabvala, Ruth Prawer, _d1927-2013. |
| 650 | 0 | _aFilm adaptations. | |
| 655 | 0 | _aElectronic books. | |
| 791 | 2 |
_aDigitalia (Firm), _edistributor. |
|
| 793 | 0 |
_gDigitalia eBook Collection: _aEdiciones Universidad de Navarra |
|
| 776 | 0 | 8 |
_iPrint version: _aFrago Pérez, Marta. _tLeer, dialogar, escribir cine. _bPrimera edición. _dPamplona, España : EUNSA, Ediciones Universidad de Navarra, [2017] _z9788431324858 |
| 830 | 0 | _aColección Comunicación (Pamplona, Spain) | |
| 856 | 4 | 0 |
_3Digitalia Hispánica _uhttps://www.digitaliapublishing.com/a/51317/ |
| 910 | _aPremium collection: 2022 | ||
| 942 | _cRAA | ||
| 999 |
_c252448 _d252448 |
||